LEADER 01116nam0-22003011i-4500 001 990001717360403321 005 20170227105329.0 035 $a000171736 035 $aFED01000171736 035 $a(Aleph)000171736FED01 035 $a000171736 100 $a20030910d1970----km-y0itay50------ba 101 0 $apor 102 $aBR 105 $ay-------101cy 200 1 $aAnais do primeiro simposio de filologia romanica realizado na Facultade Nacional de filosofia, da Universidade do Brasil, de20 a 28 de agosto de 1958$fBiblioteca Nacional, Rio de Janeiro 210 $aRio de Janeiro$cBiblioteca Nacional$d1970 215 $a265 p.$d23 cm 610 0 $aFilologia - congressi 676 $a801.959 710 12$aSIMPOSIO DE FILOLOGIA ROMANICA, 1., Rio de Janeiro, 1958$074080 801 0$aIT$bUNINA$gRICA$2UNIMARC 901 $aBK 912 $a990001717360403321 952 $a60 401 B 1$b42286$fFAGBC 959 $aFAGBC 996 $aAnais do primeiro simposio de filologia romanica realizado na Facultade Nacional de filosofia, da Universidade do Brasil, de20 a 28 de agosto de 1958$9359158 997 $aUNINA LEADER 01257nam 2200409 450 001 9910467555203321 005 20200520144314.0 010 $a3-8325-9592-9 035 $a(CKB)4340000000244066 035 $a(MiAaPQ)EBC5231155 035 $a(Au-PeEL)EBL5231155 035 $a(CaPaEBR)ebr11539715 035 $a(OCoLC)1021805641 035 $a(EXLCZ)994340000000244066 100 $a20180604d2014 uy 0 101 0 $ager 135 $aurcnu|||||||| 181 $ctxt$2rdacontent 182 $cc$2rdamedia 183 $acr$2rdacarrier 200 10$aSelbstregulationsprozesse und Hausaufgabenmotivation im Chemieunterricht /$fKatja Stief 210 1$aBerlin :$cLogos Verlag,$d2014. 215 $a1 online resource (128 pages) $cillustrations 311 $a3-8325-3631-0 320 $aIncludes bibliographical references. 606 $aChemistry$xStudy and teaching 608 $aElectronic books. 615 0$aChemistry$xStudy and teaching. 676 $a540.71 700 $aStief$b Katja$0889448 801 0$bMiAaPQ 801 1$bMiAaPQ 801 2$bMiAaPQ 906 $aBOOK 912 $a9910467555203321 996 $aSelbstregulationsprozesse und Hausaufgabenmotivation im Chemieunterricht$91986946 997 $aUNINA